LEADER 01174nam--2200385---450- 001 990002927470203316 005 20070518092743.0 010 $a88-8440-357-X 035 $a000292747 035 $aUSA01000292747 035 $a(ALEPH)000292747USA01 035 $a000292747 100 $a20070518d2006----km-y0itay50------ba 101 $aita 102 $aIT 105 $a||||||||001yy 200 1 $a<> mestiere dell'attore$eguida per il lavoro e la carriera$fSimon Dunmore 210 $aRoma$cGremese$dc2006 215 $a298 p.$d20 cm. 225 2 $aPiccola biblioteca delle arti 410 0$12001$aPiccola biblioteca delle arti 454 1$12001$a<> actor's guide to getting work$931451 461 1$1001-------$12001 606 0 $aAttori$xProfessione$xGuide 676 $a791.43028 700 1$aDUNMORE,$bSimon$0554502 801 0$aIT$bsalbc$gISBD 912 $a990002927470203316 951 $aXIII.1.B. 642$b194817 L.M.$cXIII.1.B.$d00158553 959 $aBK 969 $aUMA 979 $aRIVELLI$b90$c20070518$lUSA01$h0923 979 $aRIVELLI$b90$c20070518$lUSA01$h0927 996 $aActor's guide to getting work$931451 997 $aUNISA LEADER 02569nam 22006493u 450 001 9910781224303321 005 20210111120405.0 010 $a1-283-13309-1 010 $a9786613133090 010 $a0-7486-3244-1 035 $a(CKB)2550000000036728 035 $a(EBL)714142 035 $a(OCoLC)730151839 035 $a(SSID)ssj0000523465 035 $a(PQKBManifestationID)12162584 035 $a(PQKBTitleCode)TC0000523465 035 $a(PQKBWorkID)10542698 035 $a(PQKB)21890978 035 $a(MiAaPQ)EBC714142 035 $a(EXLCZ)992550000000036728 100 $a20130418d2011 uy| 0 101 0 $aeng 135 $aur|nu---||||| 181 $ctxt$2rdacontent 182 $cc$2rdamedia 183 $acr$2rdacarrier 200 10$aIntercultural Communication $eA Critical Introduction /$fIngrid Piller 210 $aEdinburgh $cEdinburgh University Press$d2011 215 $a1 online resource (209 p.) 300 $aDescription based upon print version of record. 311 $a0-7486-3284-0 320 $aIncludes bibliographical references (pages 179-193) and index. 327 $aCover; Copyright; Contents; Acknowledgements; chapter 1 Overview; chapter 2 Approaching Intercultural Communication; chapter 3 The Genealogy of Intercultural Communication; chapter 4 Language and Culture; chapter 5 Nation and Culture; chapter 6 Intercultural Communication at Work; chapter 7 Intercultural Communication for Sale; chapter 8 Intercultural Romance; chapter 9 Intercultural Communication and Exclusion; chapter 10 Intercultural Communication in a Multilingual World; chapter 11 The Future of Intercultural Communication; References; Index 330 $aA comprehensive critical introduction to the field of Intercultural Communication from a sociolinguistic and discourse-analytic perspective. 606 $aIntercultural communication 606 $aSociolinguistics 606 $aIntercultural$2LOCAL 606 $aComunicación$2LOCAL 606 $aLengua$2LOCAL 606 $aLibros electrónicos$2LOCAL 606 $aCultura$2LOCAL 615 0$aIntercultural communication. 615 0$aSociolinguistics. 615 17$aIntercultural 615 27$aComunicación 615 27$aLengua 615 27$aLibros electrónicos 615 27$aCultura 700 $aPiller$b Ingrid$01172086 801 0$bAU-PeEL 801 1$bAU-PeEL 801 2$bAU-PeEL 801 2$bAzTeS 906 $aBOOK 912 $a9910781224303321 996 $aIntercultural Communication$93749060 997 $aUNINA